000 01075nma a22002297a 4500
005 20210325210134.0
006 g q ||
008 s2554 th tha d
041 _atha
090 _aCD1858/1, CD1858/2
100 0 _aเชาวนะ ไตรมาศ, บรรณาธิการ
245 1 0 _aวารสารศาลรัฐธรรมนูญ ปีที่ 13 เล่มที่ 38 เดือนพฤษภาคม-สิงหาคม พ.ศ. 2554 [CD-ROM]
260 3 _aกรุงเทพฯ :
_bสำนักงานศาลรัฐธรรมนูญ,
_c2554
300 _a1 แผ่น :
_b Col.
650 0 4 _aศาลรัฐธรรมนูญ
650 0 4 _aวารสาร
650 0 4 _aองค์กรอิสระ -- อำนาจหน้าที่
850 _aNALT
942 _cCD
997 _c000000000065406
_kVC
998 _aนายนายสมเกียรติ หะรังศรี
999 _c65406
_d65406